Statistics for Most Common English Adverbs

Click here to take the quiz!

General Stats

  • This quiz has been taken 893 times
  • The average score is 23 of 99

Answer Stats

Adverb% Correct
2So
66%
21To
57%
76No
55%
19In
51%
26On
51%
75Quickly
49%
13Very
48%
23Never
46%
42Ever
45%
22When
43%
16There
42%
11Well
42%
97Fast
41%
8More
41%
7Then
40%
1Up
40%
25Most
39%
31Where
39%
6How
37%
3Out
37%
17Down
36%
29Over
36%
34Always
35%
10Here
35%
27Why
34%
5Now
33%
20As
31%
78Before
31%
14Even
31%
24Really
30%
41Often
29%
65Less
28%
46Much
28%
4Just
27%
63Sometimes
26%
90That
26%
82Hard
24%
36All
23%
37Far
23%
33Off
23%
12Only
23%
28About
22%
94Best
22%
66Better
22%
45Later
22%
73Soon
22%
15Back
21%
35Today
21%
44Almost
20%
32Right
20%
30Again
19%
51Around
19%
48Least
19%
61Little
19%
79Usually
19%
40Yet
19%
9Also
18%
70Quite
18%
92Close
17%
67Early
17%
39Away
16%
72Nearly
16%
38Long
15%
43However
14%
55Maybe
14%
56Actually
13%
64Finally
13%
47Once
13%
18Still
13%
52Already
12%
85Forward
11%
84Pretty
11%
80Thus
11%
89Rather
10%
49Ago
9%
99Eventually
9%
93Suddenly
9%
74Certainly
8%
69Either
8%
53Enough
8%
81Exactly
8%
60Perhaps
8%
57Probably
8%
50Together
8%
98Alone
7%
54Both
7%
87Clearly
7%
62Else
7%
58Home
7%
71Simply
7%
96Ahead
6%
77Recent
6%
91Tonight
6%
68Especially
5%
88Indeed
4%
95Instead
4%
86Okay
4%
83Particularly
4%
100Directly
3%

Score Distribution

Percentile by Number Answered

Percent of People with Each Score

Your Score History

You have not taken this quiz